000 00479nam a2200229Ia 4500
003 IT-RoPAU
008 120407s9999 xx 000 0 und d
040 _aIT-RoPAU
040 _cIT-RoPAU
041 _adeu
100 _aBurkhard Neunheuser
245 _aTaufe und Firmung.
250 _aFreiburg
260 _aHerder
260 _c1956
300 _a110 p.
300 _c26 cm
490 _v1
600 _a1. Battesimo e cresima.
942 _cBK
999 _c24341
_d24341